000 00482nam a2200181Ia 4500
001 7823
005 20260306160523.0
008 260306t2001||||xx |||||||||||||| ||spa||
041 _aESP
082 _a362.4
_bS38
100 _aPerú. Defensoría del Pueblo
_eAUT
245 0 _aSeminario internacional formando promotores en derechos humanos y discapacidad
260 _c2001
300 _a187 páginas :
_c24 cm.
650 _aGEN
654 _aCPS
942 _cLIB
_dJUS
_fJUS
_2ddc
_n
999 _c7823
_d7823